000 00471nam a2200181Ia 4500
001 14203
005 20260306164857.0
008 260306t1992||||xx |||||||||||||| ||spa||
041 _aESP
082 _a510.0711
_bA78 1992
100 _aArya, Jagdish C.
_eAUT
245 0 _aMatemáticas aplicadas:
_ba la administración, economía, ciencias biológicas y sociales
260 _c1992
300 _a
_c
650 _aGEN
654 _aCMA
942 _cLIB
_dJUS
_fJUS
_2ddc
_n
999 _c14203
_d14203